[Event "Plancoet op 12th"]
[Site "Plancoet"]
[Date "2015.07.26"]
[Round "1"]
[White "Feller, Sebastien"]
[Black "Civit, Pierre"]
[Result "1-0"]
[WhiteElo "2622"]
[BlackElo "2123"]
[PlyCount "87"]
[EventDate "2015.07.26"]
[EventType "swiss"]
[EventRounds "9"]
[EventCountry "FRA"]
[SourceTitle "EXT 2016"]
[Source "ChessBase"]
[SourceDate "2015.10.08"]
[SourceVersion "1"]
[SourceVersionDate "2015.10.08"]
[SourceQuality "1"]

1. c4 Nf6 2. Nc3 c5 3. Nf3 e6 4. g3 d5 5. cxd5 exd5 6. d4 Nc6 7. Bg2 Be7 8. 0-0 0-0 9. dxc5 Bxc5 10. a3 Re8 11. b4 Be7 12. Bb2 Bg4 13. h3 Be6 14. Rc1 Qd7 15. Ng5 Rad8 16. Nxe6 fxe6 17. e3 Kh8 18. Ne2 Bd6 19. Rc2 Ne5 20. Qa1 Nc4 21. Bxf6 gxf6 22. Qxf6+ Qg7 23. Qxg7+ Kxg7 24. Ra2 a6 25. Rb1 Re7 26. a4 Bb8 27. Rc1 Kf6 28. Nd4 Rc7 29. Nb3 Ba7 30. b5 Rdc8 31. Rd1 Nd6 32. bxa6 bxa6 33. Bf1 Nc4 34. Nd2 Nxd2 35. Rdxd2 a5 36. Ba6 Rc1+ 37. Kg2 R8c7 38. Bd3 h6 39. Bb5 Bc5 40. Rab2 Bb4 41. Rd4 R7c2 42. Rxc2 Rxc2 43. Rh4 Be1 44. Kf1 1-0

[Event "FRA-ch U18"]
[Site "Saint Paul Trois Chateaux"]
[Date "2013.05.05"]
[Round "8"]
[White "Malassagne, Raphael"]
[Black "Civit, Pierre"]
[Result "0-1"]
[WhiteElo "2138"]
[BlackElo "2072"]
[PlyCount "100"]
[EventDate "2013.04.28"]
[EventType "swiss"]
[EventRounds "9"]
[EventCountry "FRA"]
[SourceTitle "CBM 154 Extra"]
[Source "ChessBase"]
[SourceDate "2013.06.25"]
[SourceVersion "2"]
[SourceVersionDate "2013.06.25"]
[SourceQuality "1"]

1. d4 e6 2. Bf4 c5 3. e3 Nf6 4. Nd2 b6 5. Ngf3 Ba6 6. Bxa6 Nxa6 7. c3 Be7 8. Ne5 0-0 9. 0-0 Qc8 10. Qf3 d5 11. g4 Qb7 12. g5 Ne4 13. Nxe4 dxe4 14. Qg4 Rad8 15. h4 Bd6 16. h5 Kh8 17. Nc4 Bxf4 18. Qxf4 f5 19. Ne5 Nc7 20. c4 Kg8 21. Rfd1 Na6 22. a3 b5 23. b3 bxc4 24. bxc4 Rb8 25. Kh2 cxd4 26. exd4 Qc7 27. Rab1 Rfd8 28. Qe3 Nc5 29. Kh3 Nd7 30. Nxd7 Qxd7 31. Kh4 Qd6 32. Kh3 Rxb1 33. Rxb1 Qxd4 34. Qxd4 Rxd4 35. Rb8+ Kf7 36. Rb7+ Kf8 37. Rxa7 Rxc4 38. h6 gxh6 39. gxh6 Kg8 40. Ra8+ Kf7 41. Ra7+ Kg8 42. Rg7+ Kh8 43. Kg3 Rc3+ 44. Kf4 Rxa3 45. Ke5 Rh3 46. Re7 Rxh6 47. Kf4 Rg6 48. Ra7 h5 49. Rb7 Rg2 50. Ke3 Kg8 0-1

[Event "FRA-ch U18"]
[Site "Saint Paul Trois Chateaux"]
[Date "2013.05.02"]
[Round "5"]
[White "Malka, Samuel"]
[Black "Civit, Pierre"]
[Result "0-1"]
[WhiteElo "2172"]
[BlackElo "2072"]
[PlyCount "150"]
[EventDate "2013.04.28"]
[EventType "swiss"]
[EventRounds "9"]
[EventCountry "FRA"]
[SourceTitle "CBM 154 Extra"]
[Source "ChessBase"]
[SourceDate "2013.06.25"]
[SourceVersion "2"]
[SourceVersionDate "2013.06.25"]
[SourceQuality "1"]

1. d4 Nf6 2. c4 c5 3. d5 b5 4. Qc2 Na6 5. a3 Nc7 6. e4 bxc4 7. Nf3 g6 8. Bxc4 d6 9. 0-0 Bg7 10. Nc3 0-0 11. h3 e6 12. Bg5 exd5 13. exd5 Bf5 14. Qd2 Qd7 15. Bxf6 Bxf6 16. Qf4 Rab8 17. g4 Bxc3 18. bxc3 Bc2 19. Rac1 f5 20. g5 Be4 21. Rfd1 Rfe8 22. Ne1 Bc2 23. Nxc2 Re4 24. Qf3 Rxc4 25. Re1 Re4 26. Rxe4 fxe4 27. Qxe4 Qxh3 28. Ne3 Re8 29. Qf4 Re5 30. Rb1 Qh5 31. Rb8+ Ne8 32. Ng2 Qd1+ 33. Kh2 Qxd5 34. Ne3 Qe4 35. Qg3 Kg7 36. Rd8 d5 37. Rd7+ Kg8 38. Ng4 Re7 39. Rd8 Kg7 40. f3 Qe2+ 41. Nf2 Qe5 42. f4 Qe2 43. Rxd5 Re3 44. Rd7+ Kf8 45. Qh4 Ng7 46. Kg2 Nh5 47. Qg4 Qxg4+ 48. Nxg4 Rg3+ 49. Kf2 Rxg4 50. Rxa7 Rxf4+ 51. Ke3 Rf7 52. Ra8+ Kg7 53. Rc8 Ng3 54. Rxc5 Nf5+ 55. Ke4 Ra7 56. Ke5 Rxa3 57. Rc7+ Kg8 58. Kf6 Ra6+ 59. Ke5 h5 60. gxh6 Nxh6 61. c4 Nf7+ 62. Kd5 Rd6+ 63. Kc5 Rd1 64. Kb6 Rb1+ 65. Kc6 g5 66. Re7 g4 67. c5 Kf8 68. Re3 Kg7 69. Kd7 Kf6 70. Rc3 Ne5+ 71. Kc7 Kf5 72. Kd6 Rd1+ 73. Kc7 Kf4 74. Ra3 g3 75. Ra8 g2 0-1

[Event "FRA-ch op-A"]
[Site "Pau"]
[Date "2012.08.17"]
[Round "4"]
[White "Gicquel, Frederic"]
[Black "Civit, Pierre"]
[Result "1-0"]
[WhiteElo "2194"]
[BlackElo "2009"]
[PlyCount "91"]
[EventDate "2012.08.14"]
[EventType "swiss"]
[EventRounds "11"]
[EventCountry "FRA"]
[SourceTitle "CBM 150 Extra"]
[Source "ChessBase"]
[SourceDate "2012.10.19"]
[SourceVersion "1"]
[SourceVersionDate "2012.10.19"]
[SourceQuality "1"]

1. d4 Nf6 2. c4 c5 3. d5 b5 4. cxb5 a6 5. bxa6 g6 6. Nc3 Bxa6 7. e4 Bxf1 8. Kxf1 d6 9. Nge2 Bg7 10. h3 0-0 11. Kg1 Nbd7 12. Kh2 Qa5 13. Qc2 Rfb8 14. Rb1 Ne8 15. b3 Nc7 16. a4 Na6 17. Na2 Rf8 18. Bg5 Nf6 19. Rhd1 h6 20. Bd2 Qb6 21. Be3 Qb7 22. Kg1 Kh7 23. f3 Rfc8 24. Qd2 Rcb8 25. Rdc1 Nd7 26. Nec3 Nb4 27. f4 Ra6 28. Re1 Rb6 29. Nb5 Nxa2 30. Qxa2 Qa6 31. Qc2 Rxb5 32. axb5 Qxb5 33. Bf2 Ra8 34. Qc4 Qa5 35. Re2 Nb6 36. Qc2 Qb5 37. Kh2 Rb8 38. Ree1 Ra8 39. Qe2 Qb4 40. Rec1 Qa3 41. Qb5 Ra6 42. Qe8 Qa2 43. Bh4 Qd2 44. Qxf7 Ra2 45. Rg1 Nc8 46. Rbf1 1-0

[Event "FRA-ch U18"]
[Site "Nimes"]
[Date "2012.04.15"]
[Round "2"]
[White "Moussard, Jules"]
[Black "Civit, Pierre"]
[Result "1-0"]
[WhiteElo "2390"]
[BlackElo "2005"]
[PlyCount "61"]
[EventDate "2012.04.14"]
[EventType "swiss"]
[EventRounds "9"]
[EventCountry "FRA"]
[SourceTitle "CBM 148 Extra"]
[Source "ChessBase"]
[SourceDate "2012.06.22"]
[SourceVersion "1"]
[SourceVersionDate "2012.06.22"]
[SourceQuality "1"]

1. a3 Nf6 2. c4 c5 3. Nc3 e6 4. Nf3 d5 5. cxd5 exd5 6. d4 Nc6 7. h3 Be7 8. e3 0-0 9. Be2 c4 10. b3 b5 11. 0-0 Rb8 12. Ne5 Qc7 13. f4 b4 14. axb4 Bxb4 15. Na2 cxb3 16. Nxc6 Qxc6 17. Nxb4 Rxb4 18. Ba3 b2 19. Rb1 Rb8 20. Bxf8 Kxf8 21. Qd3 Kg8 22. Qa3 Qb6 23. Bd3 Qb3 24. Qxb3 Rxb3 25. Rfd1 h5 26. Rd2 Rxd3 27. Rxd3 Bf5 28. Rdd1 Bc2 29. Re1 Bxb1 30. Rxb1 h4 31. Rxb2 1-0

[Event "FRA-ch op-B"]
[Site "Caen"]
[Date "2011.08.24"]
[Round "8"]
[White "Civit, Pierre"]
[Black "Dubois, Pierre"]
[Result "0-1"]
[WhiteElo "1922"]
[BlackElo "1946"]
[PlyCount "84"]
[EventDate "2011.08.16"]
[EventType "swiss"]
[EventRounds "11"]
[EventCountry "FRA"]
[SourceTitle "EXT 2012"]
[Source "ChessBase"]
[SourceDate "2011.11.24"]
[SourceVersion "1"]
[SourceVersionDate "2011.11.24"]
[SourceQuality "1"]

1. c4 e5 2. g3 c6 3. Nf3 e4 4. Nd4 d5 5. cxd5 Qxd5 6. Nb3 Nf6 7. Bg2 Qh5 8. 0-0 Bh3 9. f3 Nbd7 10. e3 Ne5 11. fxe4 Bg4 12. Qc2 Nf3+ 13. Bxf3 Bxf3 14. d3 Bd6 15. Nd4 Bg4 16. Nf5 Bxf5 17. exf5 Qg4 18. Nc3 h5 19. Qe2 Qb4 20. Bd2 Qb6 21. d4 0-0-0 22. Rac1 Rde8 23. Rc2 Kb8 24. Qf3 h4 25. g4 Qc7 26. h3 Qe7 27. Kg2 Bc7 28. a3 Qd6 29. Rh1 Nh7 30. e4 Qxd4 31. Bf4 Bxf4 32. Qxf4+ Ka8 33. Rd1 Qb6 34. b4 Nf6 35. Re2 Qa6 36. a4 Nd5 37. exd5 Rxe2+ 38. Kh1 Rc2 39. b5 Qb6 40. a5 Qxa5 41. Ne4 cxd5 42. Nd6 Qc3 0-1

[Event "FRA-ch op-B"]
[Site "Caen"]
[Date "2011.08.19"]
[Round "4"]
[White "N'Guyen, Emilien"]
[Black "Civit, Pierre"]
[Result "1/2-1/2"]
[WhiteElo "1817"]
[BlackElo "1922"]
[PlyCount "74"]
[EventDate "2011.08.16"]
[EventType "swiss"]
[EventRounds "11"]
[EventCountry "FRA"]
[SourceTitle "EXT 2012"]
[Source "ChessBase"]
[SourceDate "2011.11.24"]
[SourceVersion "1"]
[SourceVersionDate "2011.11.24"]
[SourceQuality "1"]

1. d4 Nf6 2. c4 c5 3. d5 b5 4. Qc2 Na6 5. Bd2 bxc4 6. e4 Nc7 7. Bxc4 d6 8. Ba5 Bd7 9. Nc3 Qc8 10. Nf3 e5 11. 0-0 Be7 12. Rfd1 0-0 13. Qd3 Bg4 14. Rd2 Nce8 15. Ba6 Qd7 16. Bb5 Qc8 17. Ne1 Rb8 18. Ba6 Qd7 19. f3 Bh5 20. Bb5 Qc8 21. a3 Bd8 22. Bxd8 Qxd8 23. b4 cxb4 24. axb4 Qb6+ 25. Kh1 Nc7 26. Bc6 Qxb4 27. h4 Bg6 28. Rxa7 Nfe8 29. Rda2 f5 30. R2a4 Qb6 31. Qe2 fxe4 32. fxe4 Bh5 33. Nf3 Rf4 34. Qd3 Bxf3 35. gxf3 Rxh4+ 36. Kg2 Nf6 37. Ne2 Nh5 1/2-1/2

[Event "Rennes op 4th"]
[Site "Rennes"]
[Date "2011.07.17"]
[Round "2"]
[White "Adrian, Claude"]
[Black "Civit, Pierre"]
[Result "1/2-1/2"]
[WhiteElo "2291"]
[BlackElo "1922"]
[PlyCount "82"]
[EventDate "2011.07.16"]
[EventType "swiss"]
[EventRounds "9"]
[EventCountry "FRA"]
[SourceTitle "CBM 143 Extra"]
[Source "ChessBase"]
[SourceDate "2011.08.29"]
[SourceVersion "1"]
[SourceVersionDate "2011.08.29"]
[SourceQuality "1"]

1. Nf3 Nf6 2. c4 c5 3. g3 e6 4. Bg2 d5 5. cxd5 exd5 6. d4 Nc6 7. 0-0 Be7 8. Be3 c4 9. Ne5 0-0 10. b3 cxb3 11. Qxb3 Na5 12. Qd3 h6 13. Nc3 Be6 14. Rab1 Rc8 15. Rfc1 b6 16. Nb5 a6 17. Na7 Rxc1+ 18. Rxc1 b5 19. Nac6 Nxc6 20. Rxc6 Qa5 21. Qd2 Qxd2 22. Bxd2 Rc8 23. Kf1 Rxc6 24. Nxc6 Bd6 25. Ba5 Bc8 26. e3 Kf8 27. Ke2 Ke8 28. h3 Bb7 29. Ne5 Ke7 30. f3 Nd7 31. f4 Nf6 32. g4 Ne4 33. Nd3 g5 34. f5 Kd7 35. Ne5+ Ke7 36. Nf3 f6 37. h4 Kd7 38. h5 Bc7 39. Bb4 Bd6 40. Ba5 Bc7 41. Bb4 Bd6 1/2-1/2

[Event "FRA-chT2 1011"]
[Site "France"]
[Date "2010.11.14"]
[Round "2.5"]
[White "Civit, Pierre"]
[Black "Tisserand, Daniel"]
[Result "0-1"]
[WhiteElo "1883"]
[BlackElo "2050"]
[PlyCount "72"]
[EventDate "2010.10.17"]
[EventType "team-tourn"]
[EventRounds "11"]
[EventCountry "FRA"]
[SourceTitle "EXT 2012"]
[Source "ChessBase"]
[SourceDate "2011.11.24"]
[SourceVersion "1"]
[SourceVersionDate "2011.11.24"]
[SourceQuality "1"]

1. c4 d6 2. d4 e5 3. e3 Nd7 4. Nc3 Ngf6 5. g3 c6 6. Bg2 Be7 7. Nge2 0-0 8. b3 Re8 9. 0-0 Bf8 10. Qc2 Qe7 11. e4 g6 12. Ba3 Qd8 13. Rfd1 Qc7 14. Rab1 a5 15. d5 Nb8 16. dxc6 bxc6 17. Rd2 Na6 18. Rbd1 Nb4 19. Qb1 Be6 20. Na4 Red8 21. Nec3 Bh6 22. Re2 Qa7 23. Kh1 Bg4 24. f3 Be6 25. Bc1 Bxc1 26. Qxc1 Rd7 27. Red2 Rad8 28. f4 Ng4 29. a3 Na6 30. Qb2 Nc5 31. Nxc5 Qxc5 32. fxe5 dxe5 33. Rxd7 Rxd7 34. Rf1 Qe3 35. Bf3 Rd2 36. Nd1 Rxb2 0-1

[Event "Wasselonne op"]
[Site "Wasselonne"]
[Date "2009.08.09"]
[Round "6"]
[White "Becker, Carsten"]
[Black "Civit, Pierre"]
[Result "1-0"]
[WhiteElo "1990"]
[BlackElo "1805"]
[PlyCount "55"]
[EventDate "2009.08.06"]
[EventType "swiss"]
[EventRounds "7"]
[EventCountry "FRA"]
[SourceTitle "EXT 2011"]
[Source "ChessBase"]
[SourceDate "2010.11.26"]
[SourceVersion "1"]
[SourceVersionDate "2010.11.26"]
[SourceQuality "1"]

1. d4 d5 2. Nf3 Nc6 3. e3 Bg4 4. Bd3 e6 5. Nbd2 Bd6 6. b3 Nge7 7. Bb2 Ng6 8. h3 Bf5 9. Bb5 f6 10. g4 Be4 11. Nxe4 dxe4 12. Nd2 Qd7 13. Nxe4 a6 14. Be2 0-0-0 15. Qd2 e5 16. d5 Nce7 17. 0-0-0 Kb8 18. c4 Nc8 19. c5 Be7 20. Qc2 Na7 21. Kb1 Rhf8 22. Rd2 Rf7 23. Bc4 Rff8 24. Rhd1 f5 25. gxf5 Rxf5 26. d6 cxd6 27. Nxd6 Rf3 28. Nf7 1-0

[Event "FRA-chT U20 0809"]
[Site "Sautron"]
[Date "2009.01.04"]
[Round "7.3"]
[White "Civit, Pierre"]
[Black "Navrotescu, Andreea Cristiana"]
[Result "0-1"]
[WhiteElo "1821"]
[BlackElo "1808"]
[PlyCount "60"]
[EventDate "2008.10.??"]
[EventType "team-tourn"]
[EventRounds "11"]
[EventCountry "FRA"]
[SourceTitle "EXT 2010"]
[Source "ChessBase"]
[SourceDate "2010.11.25"]
[SourceVersion "1"]
[SourceVersionDate "2010.11.25"]
[SourceQuality "1"]

1. c4 Nf6 2. Nc3 e6 3. e4 d6 4. d4 Nbd7 5. Nf3 Be7 6. g3 0-0 7. Bg2 e5 8. 0-0 c6 9. h3 Ne8 10. g4 Nc7 11. Be3 Ne6 12. Qd2 c5 13. d5 Nd4 14. Bxd4 cxd4 15. Ne2 a6 16. Ng3 b5 17. cxb5 axb5 18. Nf5 Nc5 19. Rfe1 Bd7 20. g5 Kh8 21. h4 Nxe4 22. Rxe4 Bxf5 23. Ree1 f6 24. Qe2 fxg5 25. Nxd4 gxh4 26. Nc6 Qe8 27. f4 h3 28. Bf3 Bh4 29. Rf1 Qg6+ 30. Kh1 Bd3 0-1

[Event "FRA-chT U20a 0405"]
[Site "France"]
[Date "2005.05.15"]
[Round "9.9"]
[White "Chameret, Jean"]
[Black "Civit, Pierre"]
[Result "0-1"]
[WhiteElo "1009"]
[BlackElo "1010"]
[PlyCount "86"]
[EventDate "2004.11.19"]
[EventType "team-tourn"]
[EventRounds "11"]
[EventCountry "FRA"]
[SourceTitle "EXT 2006"]
[Source "ChessBase"]
[SourceDate "2005.11.24"]
[SourceVersion "1"]
[SourceVersionDate "2005.11.24"]
[SourceQuality "1"]

1. e4 c5 2. Nf3 Nc6 3. c3 Nf6 4. e5 Nd5 5. d4 cxd4 6. cxd4 g6 7. Bc4 Nb6 8. Bd3 Bg7 9. 0-0 0-0 10. Nc3 d6 11. exd6 Qxd6 12. Re1 Re8 13. Nb5 Qd7 14. Bf4 Nd5 15. Bg3 a6 16. Nc3 Nb6 17. Qd2 Nxd4 18. Nxd4 Qxd4 19. Qe3 Be6 20. Bf4 Rac8 21. Qxd4 Bxd4 22. Be5 Bxe5 23. Rxe5 Red8 24. Bc2 Rd2 25. Bb3 Bxb3 26. axb3 Rxb2 27. Rxe7 Rxc3 28. Rxb7 Rbxb3 29. f3 Rc2 30. h3 Rbb2 31. Kf1 Nd5 32. Rxb2 Rxb2 33. Rxa6 Ne3+ 34. Ke1 Nxg2+ 35. Kd1 Kg7 36. Kc1 Rf2 37. Ra4 Rxf3 38. Rg4 Rf2 39. Rg3 Nf4 40. Kd1 Rh2 41. Rg4 Nxh3 42. Rh4 Nf2+ 43. Ke1 Rxh4 0-1

[Event "FRA-chT U20 0405"]
[Site "Lyon"]
[Date "2004.12.20"]
[Round "7.7"]
[White "Cabanes, Kim"]
[Black "Civit, Pierre"]
[Result "1-0"]
[WhiteElo "1730"]
[BlackElo "1010"]
[PlyCount "79"]
[EventDate "2004.11.??"]
[EventType "team-tourn"]
[EventRounds "7"]
[EventCountry "FRA"]
[SourceTitle "EXT 2006"]
[Source "ChessBase"]
[SourceDate "2005.11.24"]
[SourceVersion "1"]
[SourceVersionDate "2005.11.24"]
[SourceQuality "1"]
[WhiteTeam "Montpellier"]
[BlackTeam "Nancy"]
[WhiteTeamCountry "FRA"]
[BlackTeamCountry "FRA"]

1. e4 c5 2. Nf3 Nc6 3. d4 cxd4 4. Nxd4 g6 5. Be2 Bg7 6. Nb3 Nf6 7. Nc3 0-0 8. 0-0 d6 9. Re1 Be6 10. Bf1 Rc8 11. Bg5 Qe8 12. Nd5 Ne5 13. c3 Bxd5 14. exd5 Nc4 15. Bxf6 Bxf6 16. Bxc4 Rxc4 17. Qf3 Qd7 18. Nd2 Rg4 19. Ne4 Qf5 20. Qxf5 gxf5 21. Nxf6+ exf6 22. Re7 Rb8 23. Rd7 Re8 24. f3 Rc4 25. Kf2 Kg7 26. Rxb7 Kg6 27. Rd7 Rh4 28. h3 Re5 29. Rxd6 f4 30. Re1 Rxe1 31. Kxe1 Rh5 32. Rd8 f5 33. d6 Kf6 34. Re8 Kg7 35. d7 f6 36. Re7+ Kg6 37. d8Q Kg5 38. Rg7+ Kh4 39. Qxf6+ Rg5 40. Qxg5# 1-0

[Event "FRA-chT U20 0405"]
[Site "Lyon"]
[Date "2004.12.19"]
[Round "5.8"]
[White "Tarazi, Louis"]
[Black "Civit, Pierre"]
[Result "1-0"]
[WhiteElo "1040"]
[BlackElo "1010"]
[PlyCount "49"]
[EventDate "2004.11.??"]
[EventType "team-tourn"]
[EventRounds "7"]
[EventCountry "FRA"]
[SourceTitle "EXT 2006"]
[Source "ChessBase"]
[SourceDate "2005.11.24"]
[SourceVersion "1"]
[SourceVersionDate "2005.11.24"]
[SourceQuality "1"]
[WhiteTeam "Marseille Duchamps"]
[BlackTeam "Nancy"]
[WhiteTeamCountry "FRA"]
[BlackTeamCountry "FRA"]

1. d4 d5 2. Nc3 Nf6 3. Nf3 Nc6 4. Bg5 Bf5 5. e3 e6 6. Bb5 Qd7 7. Ne5 Qd6 8. Bf4 a6 9. Nxc6 Qd7 10. Ne5 Qxb5 11. Nxb5 axb5 12. g4 Be4 13. f3 Bg6 14. g5 Nd7 15. Nxd7 Kxd7 16. a4 bxa4 17. b3 b5 18. Qd2 Be7 19. Qc3 Rhc8 20. h4 Bd6 21. h5 Bf5 22. h6 gxh6 23. Rxh6 Kd8 24. Rf6 Ke7 25. Qc6 1-0

[Event "FRA-chT U20 0405"]
[Site "France"]
[Date "2004.11.21"]
[Round "2.7"]
[White "Civit, Pierre"]
[Black "Antonnucci, Nicolas"]
[Result "1-0"]
[WhiteElo "1010"]
[BlackElo "1520"]
[PlyCount "97"]
[EventDate "2004.11.20"]
[EventType "team-tourn"]
[EventRounds "11"]
[EventCountry "FRA"]
[SourceTitle "CBM 103 Extra"]
[Source "ChessBase"]
[SourceDate "2005.01.01"]
[SourceVersion "1"]
[SourceVersionDate "2005.01.01"]
[SourceQuality "1"]

1. e4 e5 2. Nc3 Nf6 3. f4 exf4 4. e5 Qe7 5. Qe2 Ng8 6. Nf3 d6 7. Nd5 Qd7 8. exd6+ Ne7 9. Nxc7+ Kd8 10. Nxa8 Qxd6 11. d4 Nf5 12. Qe4 Nc6 13. Bxf4 Qe6 14. Bd3 Nfxd4 15. 0-0-0 Qxe4 16. Bxe4 Bg4 17. Rhe1 Kc8 18. Bxc6 bxc6 19. Rxd4 Bc5 20. Rde4 Bd7 21. Ne5 Bf5 22. Nxf7 Rf8 23. Re8+ Rxe8 24. Rxe8+ Kd7 25. Re5 Bxc2 26. Rxc5 Be4 27. Ne5+ Kd6 28. Ra5 c5 29. Rxa7 g5 30. Nf7+ Ke6 31. Bxg5 Bxg2 32. Re7+ Kf5 33. Re2 Bxa8 34. Re5+ Kg6 35. Re8 Bd5 36. Re5 Bxf7 37. a4 Bc4 38. Rxc5 Bd3 39. b4 h6 40. Bh4 h5 41. b5 Be4 42. a5 Kh6 43. b6 Kg6 44. a6 Kh6 45. b7 Kg6 46. b8Q Bd3 47. Qg8+ Kh6 48. Rc6+ Bg6 49. Qxg6# 1-0